Kinz Ul Iman Trjama Quran / (Record no. 194097)
[ view plain ]
| 000 -LEADER | |
|---|---|
| fixed length control field | 00483 a2200169 4500 |
| 003 - CONTROL NUMBER IDENTIFIER | |
| control field | Nust |
| 005 - DATE AND TIME OF LATEST TRANSACTION | |
| control field | 20230810145227.0 |
| 008 - FIXED-LENGTH DATA ELEMENTS--GENERAL INFORMATION | |
| fixed length control field | 230810b ||||| |||| 00| 0 eng d |
| 040 ## - CATALOGING SOURCE | |
| Transcribing agency | Nust |
| 082 ## - DEWEY DECIMAL CLASSIFICATION NUMBER | |
| Classification number | 297,BRA |
| 100 ## - MAIN ENTRY--PERSONAL NAME | |
| Personal name | Hazrat Imam Ahmed Raza Khan Brahwlai |
| 9 (RLIN) | 114088 |
| 245 ## - TITLE STATEMENT | |
| Title | Kinz Ul Iman Trjama Quran / |
| Statement of responsibility, etc. | Hazrat Imam Ahmed Raza Khan Brahwlai |
| 260 ## - PUBLICATION, DISTRIBUTION, ETC. | |
| Place of publication, distribution, etc. | Lahore |
| Name of publisher, distributor, etc. | Zia Ul Quran |
| 300 ## - PHYSICAL DESCRIPTION | |
| Extent | 1144 pages |
| 538 ## - SYSTEM DETAILS NOTE | |
| System details note | Almirah No.65 Shelf No.2 |
| 942 ## - ADDED ENTRY ELEMENTS (KOHA) | |
| Source of classification or shelving scheme | |
| Koha item type | Book |
| Call number prefix | 297,BRA |
| Withdrawn status | Lost status | Source of classification or shelving scheme | Damaged status | Not for loan | Collection code | Permanent Location | Current Location | Date acquired | Total Checkouts | Full call number | Barcode | Date last seen | Price effective from | Koha item type | Shelving location | Public note | Date last checked out |
|---|---|---|---|---|---|---|---|---|---|---|---|---|---|---|---|---|---|
| Military College of Signals (MCS) | Military College of Signals (MCS) | 12/12/2016 | 297 BRA | MCS34297 | 12/08/2016 | 12/12/2016 | Book | ||||||||||
| Military College of Signals (MCS) | Military College of Signals (MCS) | 12/12/2016 | 297,BRA | MCS34298 | 12/08/2016 | 12/12/2016 | Book | General Stacks | Almirah No 73, Shelf No 1 | ||||||||
| Military College of Signals (MCS) | Military College of Signals (MCS) | 12/12/2016 | 1 | 297 BRA | MCS34301 | 02/20/2026 | 12/12/2016 | Book | 02/20/2026 |
